Sports Quiz

Random Sports or NFL Quiz

Starting NFL QBs Final 2010 Reg. Season Game Quiz Stats

 Plays Quiz not verified by Sporcle

Also try: NBA Champions
Challenge
Share
Tweet
Embed
Score 0/32 Timer 05:00
0 Plays Today
Team Final Game Starting QB % Correct
Indianapolis ColtsPeyton Manning
95.2%
New York GiantsEli Manning
94.5%
Atlanta FalconsMatt Ryan
93.9%
Baltimore RavensJoe Flacco
93.9%
New England PatriotsTom Brady
93.3%
Green Bay PackersAaron Rodgers
92.7%
New Orleans SaintsDrew Brees
92.1%
Chicago BearsJay Cutler
89.7%
New York JetsMark Sanchez
89.1%
San Francisco 49ersAlex Smith
89.1%
Pittsburgh SteelersBen Roethlisberger
88.5%
San Diego ChargersPhilip Rivers
88.5%
Cincinatti BengalsCarson Palmer
87.9%
Houston TexansMatt Schaub
86.1%
St. Louis RamsSam Bradford
84.8%
Denver BroncosTim Tebow
83.6%
Team Final Game Starting QB % Correct
Kansas City ChiefsMatt Cassel
81.8%
Philadelphia EaglesKevin Kolb
81.8%
Miami DolphinsChad Henne
81.2%
Tampa Bay BuccaneersJosh Freeman
79.4%
Cleveland BrownsColt McCoy
77%
Oakland RaidersJason Campbell
75.2%
Tennessee TitansKerry Collins
73.9%
Washington RedskinsRex Grossman
73.3%
Carolina PanthersJimmy Clausen
69.7%
Seattle SeahawksCharlie Whitehurst
63%
Detroit LionsShaun Hill
61.8%
Minnesota VikingsJoe Webb
58.8%
Jacksonville JaguarsTrent Edwards
58.2%
Arizona CardinalsJohn Skelton
51.5%
Dallas CowboysStephen McGee
36.4%
Buffalo BillsBrian Brohm
28.5%

You're not logged in!

Compare scores with friends on all Sporcle quizzes.
OR
Log In

You Might Also Like...

Show Comments

Extras

Top Quizzes Today


Score Distribution

Your Account Isn't Verified!

In order to create a playlist on Sporcle, you need to verify the email address you used during registration. Go to your Sporcle Settings to finish the process.

Report this User

Report this user for behavior that violates our Community Guidelines.

Details: